000 00965nam a2200349Ia 4500
003 OSt
005 20220912144450.0
006 a|||||r|||| 00| 0
007 ta
008 220909b |||||||| |||| 00| 0 eng d
020 _a9780878935642 (hbk)
020 _aSL01537719
024 _a178239
037 _b406, 27/03/2012, N R Book Distributors
037 _cTextual
040 _aCSL
_beng
_cCSL
041 _aeng
082 _aG:7, N7;Q0;5-;6
100 _aGilbert Scott F
245 0 _aDevelopmental biology
250 _a9
260 _aMassachusetts
_bSinauer Association
_c2010
300 _axxi; v.p.
500 _aIndex I.1-I.36p.
650 _a Biology
650 _a Developmental biology
650 _aEnvironmental Biology
700 _a Hacker Sally D
700 _aGilbert Scott F
942 _hG:7, N7;Q0;5-;6
_cTEXL
_2CC
999 _c9189
_d9189